| 000 | 01286nam a22002655a 4500 | ||
|---|---|---|---|
| 999 |
_c27109 _d27081 |
||
| 003 | EG-ScBUE | ||
| 005 | 20190211103217.0 | ||
| 008 | 190210s2013 ua frb 000 0 ara d | ||
| 040 |
_aEG-ScBUE _bara _cEG-ScBUE _dEG-ScBUE |
||
| 043 | _af-ua--- | ||
| 082 | 0 | 4 |
_a346.620434 _bش ر ف _222 |
| 100 | 1 | _aشرف الدين، أحمد. | |
| 245 | 1 | 0 |
_aعقد الإيجار في القانون المدني و قوانين إيجار الأماكن المبنية : _bالجوانب العملية و المبادئ القضائية / _cأحمد شرف الدين. |
| 250 | _aط. 3. | ||
| 260 |
_a[القاهرة] : _bنادي القضاة، _c2013. |
||
| 300 |
_a881 ص. ؛ _c24 سم. |
||
| 500 | _aالمؤلف حائز على جائزة مؤسسة الكويت للتقدم العلمي و جائزة الدولة في القانون المدني و القانون الدولي الخاص والمرافعات بمصر. | ||
| 504 | _aيشتمل على إرجاعات ببليوجرافية. | ||
| 541 |
_aد. أحمد حمد ؛ _cإهداء ؛ |
||
| 650 | 7 |
_aعقود الإيجار _xقوانين وتشريعات _zمصر. _2BUEsh |
|
| 650 | 7 |
_aالعقود (قانون مدني) _zمصر. _2BUEsh _940832 |
|
| 651 | _2BUEsh | ||
| 653 |
_bLLAAWW _cFebruary2019 |
||
| 942 | _2ddc | ||